[Event "Aktobe Dvorkovich Rapid op"]
[Site "Aktobe"]
[Date "2022.06.21"]
[Round "1"]
[White "Zhappar, Khantenere"]
[Black "Kostenko, Petr"]
[Result "0-1"]
[WhiteElo "1233"]
[BlackElo "2416"]
[PlyCount "88"]
[EventDate "2022.06.21"]
[EventType "swiss (rapid)"]
[EventRounds "9"]
[EventCountry "KAZ"]
[SourceTitle "CBM 209 Extra"]
[Source "ChessBase"]
[SourceDate "2022.09.30"]
[SourceVersion "1"]
[SourceVersionDate "2022.09.30"]
[SourceQuality "1"]

1. Nf3 Nf6 2. c4 c6 3. g3 d5 4. Bg2 dxc4 5. Qc2 b5 6. 0-0 e6 7. a4 Bb7 8. Rd1 Nbd7 9. d4 Be7 10. e4 a6 11. Nc3 0-0 12. h3 Rc8 13. Be3 Re8 14. Ne1 Qc7 15. f4 b4 16. Ne2 c5 17. Bf2 cxd4 18. Nxd4 c3 19. bxc3 Qxc3 20. e5 Nd5 21. Bxd5 Bxd5 22. Qxc3 Rxc3 23. Rd3 Rec8 24. Rxc3 Rxc3 25. Nec2 Bc5 26. Kf1 h5 27. Ke1 a5 28. h4 Nb6 29. Kd1 Kh7 30. Rc1 Nxa4 31. Be1 b3 32. Bxc3 Nxc3+ 33. Kd2 b2 34. Rf1 b1Q 35. Rxb1 Nxb1+ 36. Kc1 Nc3 37. Kb2 Ne4 38. Ne2 Kg6 39. Ne1 Kf5 40. Nd3 Be3 41. Ka3 Bc4 42. Nec1 Nxg3 43. Ka4 Ke4 44. Kxa5 Bxd3 0-1